Welcome to CU Library Online Public Access Catalogue (OPAC)

Civil Procedure (Record no. 4616)

MARC details
000 -LEADER
fixed length control field 00495nam a22001817a 4500
005 - DATE AND TIME OF LATEST TRANSACTION
control field 20250308181851.0
008 - FIXED-LENGTH DATA ELEMENTS--GENERAL INFORMATION
fixed length control field 250308b |||||||| |||| 00| 0 eng d
020 ## - INTERNATIONAL STANDARD BOOK NUMBER
International Standard Book Number 0421289201
050 ## - LIBRARY OF CONGRESS CALL NUMBER
Classification number KD7325
100 ## - MAIN ENTRY--PERSONAL NAME
Personal name Langan, P. St. J.
245 ## - TITLE STATEMENT
Title Civil Procedure
Statement of responsibility, etc. Langan, P. St. J.
250 ## - EDITION STATEMENT
Edition statement 3rd ed.
260 ## - PUBLICATION, DISTRIBUTION, ETC.
Place of publication, distribution, etc. London ;
Name of publisher, distributor, etc. Sweet and Maxwell
Date of publication, distribution, etc. c1983
300 ## - PHYSICAL DESCRIPTION
Extent xlvii, 448 p, ;
500 ## - GENERAL NOTE
General note Includes index, table of statutes
700 ## - ADDED ENTRY--PERSONAL NAME
Personal name L. D. J. Henderson
942 ## - ADDED ENTRY ELEMENTS (KOHA)
Source of classification or shelving scheme Library of Congress Classification
Koha item type Books
Suppress in OPAC No
999 ## -
-- 4616
-- 4616
Holdings
Withdrawn status Lost status Source of classification or shelving scheme Damaged status Not for loan Collection Home library Current library Shelving location Date acquired Total checkouts Full call number Barcode Date last seen Copy number Price effective from Koha item type
    Library of Congress Classification     Non-fiction Law Library (Christ Temple) Law Library (Christ Temple) General stacks 03/08/2025   KD7325 LAN LLCT00000429 03/08/2025 1 03/08/2025 Books
© 2023-2024 Copyright: Central University Libraries. All Rights Reserved | Created by: Mahone Tech Office